000 00340nam a2200133Ia 4500
008 240624s9999 xx 000 0 und d
041 _aeng
082 _a658.049 SUD
100 _aSUDER GABRIELE
245 _aINTERNATIONAL BUSINESS
260 _c2009
_aLondon
_bSage Publications
300 _avi, : 200 : p. : cm. ; 20
365 _cGBP
_b38
999 _c22534
_d22534